| 000 | 00576nam a2200229 a 4500 | ||
|---|---|---|---|
| 999 |
_c6269 _d6269 |
||
| 001 | 6269 | ||
| 003 | BD-JhCC | ||
| 005 | 20200328134008.0 | ||
| 008 | 180118s19201981ii |||| || | 000 0 eng d | ||
| 035 | _a(BD-JhCC)6269 | ||
| 040 |
_aBD-JhCC _dBD-JhCC |
||
| 041 | _aeng | ||
| 082 |
_a297.65 _bBAK 1981 |
||
| 100 | _aBakhsh, S. Khuda | ||
| 245 |
_aPolitics in Islam / _cS. Khuda Bakhsh, |
||
| 250 | _a2nd ed. | ||
| 260 |
_aDelhi : _bIdarah-1 Adabiya-1 Delli, _c1981. |
||
| 300 |
_a156 p. : _c20 cm. |
||
| 650 | _aIslam and Politics | ||
| 942 |
_2ddc _cBK _02 |
||